Asiatische Hauptstädte nach Sehenswürdigkeit - Statistiken

Allgemein
  • Dieses Quiz wurde 51 mal gespielt
  • Das Durchschnittsergebnis liegt bei 9 aus 48
Antwortstatistiken
Bildquiz Antwort % Korrekt
Peking
92%
Kuala Lumpur
65%
Ankara
58%
Jerusalem
58%
Taipeh
50%
Tokio
48%
Singapur
40%
Seoul
35%
Bangkok
27%
Pjöngjang
27%
Amman
25%
Teheran
23%
Neu-Delhi
17%
Tiflis
17%
Naypyidaw
15%
Phnom Penh
15%
Ulaanbaatar
15%
Vientiane
15%
Maskat
13%
Nikosia
13%
Nur-Sultan
13%
Riad
13%
Beirut
10%
Hanoi
10%
Islamabad
10%
Jakarta
10%
Manama
10%
Abu Dhabi
8%
Bischkek
8%
Dili
8%
Doha
8%
Duschanbe
8%
Malé
8%
Manila
8%
Taschkent
8%
Thimphu
8%
Bagdad
6%
Dhaka
6%
Kathmandu
6%
Kuwait
6%
Baku
4%
Bandar Seri Begawan
4%
Damaskus
4%
Kabul
4%
Sanaa
4%
Aschgabat
2%
Sri Jayawardenepura Kotte
2%
Yerevan
0%
Keine übereinstimmenden Quizze gefunden
Verteilung der Resultate
Anzahl Personen mit jedem Resultat
Perzentil nach korrekt beantworteten Fragen
Ihre Resultats-Entwicklung
Sie haben dieses Quiz noch nicht gespielt